000 01062cam a22002651i 4500
003 SA_RiAUC
005 20250617065545.0
008 250616s2009 le g 000 0 ara c
020 _a9782745162502
040 _aSA-JeALM
_bara
_cSA-RiAUC
_erda
082 0 4 _a258
_qSA-RiAUC
090 _a258
_b ح س ا
100 1 _aالحسام الشهيد، عمر بن عبد العزيز بن عمر،
_d483-536 هجري
_eمؤلف.
245 1 0 _aحيرة الفقهاء /
_bيليه كتاب الحيطان
_cعمر بن عبد العزيز البخاري الحنفي. تحقيق يوسف أحمد.
250 _aالطبعة الأولى.
264 1 _aبيروت :
_bدار الكتب العلمية،
_c2009
300 _a190 صفحة ؛
_c24 سم.
336 _aنص
_btxt
_2rdacontent
_3كتاب
337 _aبدون وسيط
_bn
_2rdamedia
338 _aمجلد
_bnc
_2rdacarrier
650 7 _aالفقه الإسلامي
_xمذاهب
_2aucsh
700 _aاحمد، يوسف
_eمحقق.
942 _2ddc
_cBOOK
_n0
949 _aSA-JeALM
_d250616
_uosman123
_n1
999 _c9069
_d9069